000 00810cab a2200253 4500
001 ABS58098
008 090401t1997 xxu||||| |||| 00| 0 eng d
035 _a(Sirsi) u82708
041 _aeng
100 _aNorth, Lincoln W
245 _aSuggestions to expert witnesses
260 _c1997
350 _a0
490 _aNew Zealand Valuers` Journal
_vNovember 1997, 13-15(3)
520 _aMakes comments and suggestions on preparing to testify as an expert witness.
650 _aMANAGEMENT-DISPUTE AVOIDANCE, MANAGEMENT AND RESOLUTION-DISPUTE MANAGEMENT AND RESOLUTION-ARBITRATION
650 _aCOURT PROCEDURE
650 _aEVIDENCE
650 _aEXPERT WITNESS
_96239
650 _aROLE
690 _aMANAGEMENT-BUSINESS MANAGEMENT-PROFESSIONAL PRACTICE
942 _n0
948 _c16/12/1997
999 _c52237
_d52237